00690pab a2200133 454500008004000000100002600040245004600066260000900112300001300121362000800134520037400142650002000516773002000536180718b2005 xxu||||| |||| 00| 0 eng d aChakraborty, D. et al aDRIS: a decision making tool for planners c2005 ap.30-33. aSep aThe amount of data generated in this digital era is phenomenal, wherein the decision maker has to depend on hierarchy for relevant information, which results in delay due to lack of timely data verification. Contemporary decision-making thus becomes complex. In view of this an attempt has been made to design and develop a Decision Support System - DRIS. - Reproduced. aDecision making aGIS Development